[Event "XLIV Memoriał Szachowy Ludwika Zamenhofa 2025, Grupa B"]
[Site "Bialystok, Poland"]
[Date "2025.12.28"]
[Round "4.4"]
[White "Endeladze, Ramaz"]
[Black "Ptaszynski, Szymon"]
[Result "1-0"]
[TimeControl "90'+30\""]
[WhiteElo "2133"]
[BlackElo "2025"]

1. d4 {[%clk 01:26:19]} {[%emt 00:04:41]} Nf6 {[%clk 01:30:47]} {[%emt
00:00:13]} 2. Nf3 {[%clk 01:26:43]} {[%emt 00:00:06]} e6 {[%clk 01:31:09]}
{[%emt 00:00:08]} 3. c4 {[%clk 01:26:54]} {[%emt 00:00:19]} d5 {[%clk
01:31:31]} {[%emt 00:00:08]} 4. Nc3 {[%clk 01:26:53]} {[%emt 00:00:31]} Be7
{[%clk 01:30:56]} {[%emt 00:01:05]} 5. Bg5 {[%clk 01:27:15]} {[%emt 00:00:08]}
Nbd7 {[%clk 01:31:12]} {[%emt 00:00:13]} 6. e3 {[%clk 01:27:43]} {[%emt
00:00:02]} O-O {[%clk 01:31:23]} {[%emt 00:00:19]} 7. cxd5 {[%clk 01:27:48]}
{[%emt 00:00:26]} exd5 {[%clk 01:31:46]} {[%emt 00:00:07]} 8. Bd3 {[%clk
01:28:14]} {[%emt 00:00:04]} c6 {[%clk 01:31:54]} {[%emt 00:00:22]} 9. O-O
{[%clk 01:28:36]} {[%emt 00:00:08]} h6 {[%clk 01:32:14]} {[%emt 00:00:10]} 10.
Bf4 {[%clk 01:28:58]} {[%emt 00:00:09]} Re8 {[%clk 01:31:36]} {[%emt 00:01:07]}
11. h3 {[%clk 01:29:24]} {[%emt 00:00:04]} Bb4 {[%clk 01:25:57]} {[%emt
00:06:08]} 12. Rc1 {[%clk 01:29:02]} {[%emt 00:00:52]} Qe7 {[%clk 01:23:43]}
{[%emt 00:02:45]} 13. a3 {[%clk 01:29:31]} {[%emt 00:00:01]} Bxc3 {[%clk
01:23:38]} {[%emt 00:00:35]} 14. Rxc3 {[%clk 01:29:59]} {[%emt 00:00:02]} Ne4
{[%clk 01:23:30]} {[%emt 00:00:37]} 15. Rc1 {[%clk 01:26:24]} {[%emt 00:04:06]}
Nf8 {[%clk 01:19:40]} {[%emt 00:04:20]} 16. Ne5 {[%clk 01:26:07]} {[%emt
00:00:48]} f6 {[%clk 01:19:16]} {[%emt 00:00:53]} 17. Nf3 {[%clk 01:25:50]}
{[%emt 00:00:47]} Bf5 {[%clk 01:11:37]} {[%emt 00:08:08]} 18. Qc2 {[%clk
01:24:57]} {[%emt 00:01:23]} Bh7 {[%clk 01:11:52]} {[%emt 00:00:16]} 19. Nd2
{[%emt 00:03:46]} Nxd2 {[%clk 01:08:58]} {[%emt 00:00:02]} 20. Bxh7+ {[%clk
01:25:11]} {[%emt 00:00:22]} Nxh7 {[%clk 01:09:22]} {[%emt 00:00:06]} 21. Qxd2
{[%clk 01:25:34]} {[%emt 00:00:06]} Nf8 {[%clk 01:08:29]} {[%emt 00:01:23]} 22.
Qe2 {[%clk 01:24:56]} {[%emt 00:01:05]} Ne6 {[%clk 01:07:48]} {[%emt 00:01:15]}
23. Qg4 {[%clk 01:25:21]} {[%emt 00:00:04]} Nxf4 {[%clk 01:06:05]} {[%emt
00:02:14]} 24. Qxf4 {[%clk 01:25:49]} {[%emt 00:00:01]} Rad8 {[%clk 01:06:25]}
{[%emt 00:00:10]} 25. Rc5 {[%clk 01:26:02]} {[%emt 00:00:16]} a6 {[%clk
01:05:24]} {[%emt 00:01:34]} 26. Rfc1 {[%clk 01:26:27]} {[%emt 00:00:04]} Qd7
{[%clk 01:03:10]} {[%emt 00:02:44]} 27. b4 {[%clk 01:26:04]} {[%emt 00:00:54]}
Rc8 {[%clk 01:02:46]} {[%emt 00:00:53]} 28. a4 {[%clk 01:26:01]} {[%emt
00:00:34]} f5 {[%clk 01:02:42]} {[%emt 00:00:33]} 29. Qf3 {[%clk 01:26:08]}
{[%emt 00:00:23]} g6 {[%clk 01:02:43]} {[%emt 00:00:29]} 30. b5 {[%clk
01:26:27]} {[%emt 00:00:12]} axb5 {[%clk 01:03:07]} {[%emt 00:00:05]} 31. axb5
{[%clk 01:26:56]} Kg7 {[%clk 01:03:01]} {[%emt 00:00:36]} 32. bxc6 {[%clk
01:26:53]} {[%emt 00:00:33]} bxc6 {[%clk 01:02:46]} {[%emt 00:00:45]} 33. Qd1
{[%clk 01:26:47]} {[%emt 00:00:36]} Rc7 {[%clk 01:02:50]} {[%emt 00:00:24]} 34.
Qb3 {[%clk 01:26:59]} {[%emt 00:00:19]} Rec8 {[%clk 01:02:32]} {[%emt
00:00:46]} 35. Qa4 {[%clk 01:25:37]} {[%emt 00:01:55]} Qe6 {[%clk 01:02:50]}
{[%emt 00:00:11]} 36. Ra5 {[%clk 01:25:35]} {[%emt 00:00:33]} Qe7 {[%clk
00:59:01]} {[%emt 00:04:17]} 37. Ra6 {[%clk 01:25:07]} {[%emt 00:00:59]} Kh7
{[%clk 00:57:03]} {[%emt 00:02:29]} 38. Raxc6 {[%clk 01:24:26]} {[%emt
00:01:11]} Rxc6 {[%clk 00:55:28]} {[%emt 00:02:04]} 39. Rxc6 {[%clk 01:23:42]}
{[%emt 00:01:15]} Rxc6 {[%clk 00:55:56]} {[%emt 00:00:02]} 40. Qxc6 {[%clk
01:24:10]} {[%emt 00:00:01]} Qd8 {[%clk 00:55:58]} {[%emt 00:00:21]} 41. Qb7+
{[%clk 01:24:24]} {[%emt 00:00:23]} Kg8 {[%clk 00:55:58]} {[%emt 00:00:28]} 42.
g3 {[%clk 01:24:28]} {[%emt 00:00:29]} Qd6 {[%clk 00:48:38]} {[%emt 00:07:36]}
43. h4 {[%clk 01:24:55]} {[%emt 00:00:18]} Qe6 {[%clk 00:43:06]} {[%emt
00:06:02]} 44. Qc7 {[%clk 01:24:34]} {[%emt 00:00:50]} Qe4 {[%clk 00:38:28]}
{[%emt 00:05:08]} 45. Qe5 {[%clk 01:24:47]} {[%emt 00:00:18]} Qb1+ {[%clk
00:38:46]} {[%emt 00:00:12]} 46. Kg2 {[%clk 01:25:16]} Qb5 {[%clk 00:38:50]}
{[%emt 00:00:19]} 47. h5 {[%clk 01:22:39]} {[%emt 00:03:14]} gxh5 {[%clk
00:39:01]} {[%emt 00:00:19]} 48. Qxf5 {[%clk 01:23:06]} {[%emt 00:00:03]} Qc6
{[%clk 00:39:05]} {[%emt 00:00:25]} 49. Qxh5 {[%clk 01:23:34]} {[%emt
00:00:03]} Kg7 {[%clk 00:39:17]} {[%emt 00:00:18]} 50. Qe5+ {[%clk 01:24:01]}
{[%emt 00:00:03]} Kg6 {[%clk 00:39:12]} {[%emt 00:00:34]} 51. g4 {[%clk
01:24:14]} {[%emt 00:00:18]} Qb7 {[%clk 00:38:27]} {[%emt 00:01:15]} 52. Kg3
{[%clk 01:24:41]} {[%emt 00:00:03]} Qb5 {[%clk 00:37:29]} {[%emt 00:01:25]} 53.
Qe6+ {[%clk 01:24:12]} {[%emt 00:01:02]} Kg7 {[%clk 00:37:43]} {[%emt
00:00:10]} 54. Kf4 {[%clk 01:24:27]} {[%emt 00:00:19]} Qe2 {[%clk 00:37:03]}
{[%emt 00:01:10]} 55. f3 {[%clk 01:24:37]} {[%emt 00:00:22]} Qa2 {[%clk
00:36:23]} {[%emt 00:01:09]} 56. Ke5 {[%clk 01:24:28]} {[%emt 00:00:40]} Qb3
{[%clk 00:36:09]} {[%emt 00:00:39]} 57. Qd7+ {[%clk 01:24:47]} {[%emt
00:00:16]} Kh8 {[%clk 00:36:13]} {[%emt 00:00:23]} 58. Kf6 {[%clk 01:24:59]}
{[%emt 00:00:20]} Qb6+ {[%clk 00:36:06]} {[%emt 00:00:37]} 59. Kf7 {[%clk
01:25:20]} {[%emt 00:00:09]} Kg8+ {[%emt 00:02:16]} 1-0

[Event "XLIV Memoriał Szachowy Ludwika Zamenhofa 2025, Grupa B"]
[Site "Bialystok, Poland"]
[Date "2025.12.28"]
[Round "4.5"]
[White "Padalka, Artem"]
[Black "Szuminski, Jakub"]
[Result "1/2-1/2"]
[TimeControl "90'+30\""]
[WhiteElo "2111"]
[BlackElo "1962"]

1. d4 {[%clk 01:21:16]} {[%emt 00:09:37]} Nf6 {[%clk 01:30:53]} {[%emt
00:00:13]} 2. c4 {[%clk 01:20:49]} {[%emt 00:00:57]} e6 {[%clk 01:31:18]}
{[%emt 00:00:05]} 3. Nc3 {[%clk 01:21:08]} {[%emt 00:00:11]} Bb4 {[%clk
01:31:43]} {[%emt 00:00:05]} 4. e3 {[%clk 01:16:31]} {[%emt 00:05:07]} b6
{[%clk 01:31:48]} {[%emt 00:00:25]} 5. Nge2 {[%clk 01:14:00]} {[%emt 00:03:02]}
Bb7 {[%clk 01:26:54]} {[%emt 00:05:24]} 6. a3 {[%clk 01:13:54]} {[%emt
00:00:37]} Be7 {[%clk 01:24:25]} {[%emt 00:02:58]} 7. Nf4 {[%clk 01:09:46]}
{[%emt 00:04:37]} d6 {[%clk 01:21:20]} {[%emt 00:03:36]} 8. Be2 {[%clk
01:04:09]} {[%emt 00:06:06]} Nbd7 {[%clk 01:16:55]} {[%emt 00:04:54]} 9. Bf3
{[%clk 01:01:53]} {[%emt 00:02:47]} Bxf3 {[%clk 01:15:03]} {[%emt 00:02:21]} 10.
Qxf3 {[%clk 01:01:22]} {[%emt 00:01:03]} O-O {[%clk 01:13:47]} {[%emt
00:01:45]} 11. Qc6 {[%clk 00:56:51]} {[%emt 00:05:01]} Rc8 {[%clk 01:10:24]}
{[%emt 00:03:54]} 12. O-O {[%clk 00:54:49]} {[%emt 00:02:31]} Nb8 {[%clk
01:08:26]} {[%emt 00:02:29]} 13. Qa4 {[%clk 00:53:31]} {[%emt 00:01:47]} c5
{[%clk 01:05:05]} {[%emt 00:03:52]} 14. d5 {[%clk 00:49:50]} {[%emt 00:04:10]}
e5 {[%clk 01:05:29]} {[%emt 00:00:06]} 15. Nd3 {[%clk 00:43:52]} {[%emt
00:06:28]} a6 {[%clk 01:03:46]} {[%emt 00:02:15]} 16. e4 {[%clk 00:39:31]}
{[%emt 00:04:50]} Nfd7 {[%clk 01:02:38]} {[%emt 00:01:39]} 17. f4 {[%clk
00:35:16]} {[%emt 00:04:44]} Bf6 {[%clk 01:00:42]} {[%emt 00:02:27]} 18. f5
{[%emt 00:03:44]} Bg5 {[%clk 00:57:59]} {[%emt 00:00:22]} 19. Qd1 {[%clk
00:29:14]} Bxc1 {[%clk 00:57:11]} {[%emt 00:07:27]} 20. Rxc1 {[%clk 00:29:15]}
Nf6 {[%clk 00:56:52]} {[%emt 00:01:18]} 21. Qe2 {[%clk 00:25:26]} Ne8 {[%clk
00:54:53]} {[%emt 00:06:48]} 22. Qe3 {[%clk 00:23:36]} f6 {[%clk 00:53:23]}
{[%emt 00:04:21]} 23. g4 {[%clk 00:23:28]} {[%emt 00:00:37]} Nc7 {[%clk
00:53:22]} {[%emt 00:00:32]} 24. h4 {[%clk 00:21:58]} {[%emt 00:01:59]} Qe8
{[%clk 00:53:09]} {[%emt 00:00:42]} 25. Qf3 {[%clk 00:20:49]} {[%emt 00:01:39]}
b5 {[%clk 00:52:33]} {[%emt 00:01:08]} 26. b3 {[%clk 00:21:01]} {[%emt
00:00:17]} Nd7 {[%clk 00:52:31]} {[%emt 00:00:33]} 27. g5 {[%clk 00:20:21]}
{[%emt 00:01:09]} bxc4 {[%clk 00:52:31]} {[%emt 00:00:31]} 28. bxc4 {[%clk
00:20:46]} {[%emt 00:00:05]} Rb8 {[%clk 00:52:49]} {[%emt 00:00:12]} 29. Rb1
{[%clk 00:15:10]} {[%emt 00:06:05]} Qf7 {[%clk 00:52:02]} {[%emt 00:01:13]} 30.
Qg4 {[%clk 00:14:57]} {[%emt 00:00:46]} fxg5 {[%clk 00:50:46]} {[%emt
00:01:47]} 31. hxg5 {[%emt 00:00:31]} Rxb1 {[%emt 00:02:41]} 32. Nxb1 {[%emt
00:01:13]} Rb8 {[%emt 00:00:15]} 33. Nd2 {[%emt 00:00:57]} Nf8 {[%emt
00:05:32]} 34. Rf3 {[%emt 00:02:08]} Ne8 {[%emt 00:05:16]} 35. Rh3 {[%emt
00:00:35]} Qd7 {[%emt 00:00:59]} 36. Rf3 {[%clk 00:02:26]} {[%emt 00:00:50]}
Rb7 {[%emt 00:02:13]} 37. Qh5 {[%clk 00:02:13]} {[%emt 00:00:22]} Qf7 {[%emt
00:00:47]} 38. Qg4 {[%clk 00:02:05]} {[%emt 00:00:15]} Qd7 {[%clk 00:46:55]}
{[%emt 00:00:09]} 39. Qh5 {[%clk 00:02:21]} {[%emt 00:00:13]} Qf7 {[%emt
00:00:23]} 40. Qh4 {[%emt 00:00:45]} Rb8 {[%emt 00:00:57]} 41. Nf2 {[%emt
00:00:16]} Rb2 {[%clk 00:46:50]} {[%emt 00:00:05]} 42. Nf1 {[%emt 00:00:33]}
Ng6 {[%clk 00:46:07]} {[%emt 00:00:48]} 43. Qg4 {[%clk 00:01:22]} {[%emt
00:02:00]} Nf4 {[%clk 00:46:30]} {[%emt 00:00:09]} 44. f6 {[%clk 00:00:55]}
{[%emt 00:00:57]} gxf6 {[%clk 00:46:11]} {[%emt 00:00:48]} 45. Ng3 {[%clk
00:00:52]} {[%emt 00:00:33]} fxg5 {[%clk 00:45:53]} {[%emt 00:00:48]} 46. Nf5
{[%clk 00:00:49]} {[%emt 00:00:34]} Rb1+ {[%clk 00:43:41]} {[%emt 00:02:41]} 47.
Kh2 {[%clk 00:01:03]} {[%emt 00:00:16]} Qh5+ {[%clk 00:43:51]} {[%emt
00:00:19]} 48. Qxh5 {[%clk 00:01:26]} {[%emt 00:00:08]} Nxh5 {[%clk 00:44:16]}
{[%emt 00:00:05]} 49. Ng4 {[%clk 00:00:51]} {[%emt 00:01:06]} Rb2+ {[%clk
00:42:48]} {[%emt 00:01:57]} 50. Kh1 {[%clk 00:01:09]} {[%emt 00:00:12]} Nf4
{[%clk 00:42:06]} {[%emt 00:01:13]} 51. Ngh6+ {[%clk 00:01:37]} {[%emt
00:00:02]} Kf8 {[%clk 00:42:12]} {[%emt 00:00:22]} 52. Rg3 {[%clk 00:01:48]}
{[%emt 00:00:19]} Rb1+ {[%clk 00:42:06]} {[%emt 00:00:37]} 53. Kh2 {[%clk
00:02:08]} {[%emt 00:00:10]} Rb2+ {[%clk 00:42:31]} {[%emt 00:00:06]} 54. Kh1
{[%clk 00:02:34]} {[%emt 00:00:02]} Rb1+ {[%clk 00:41:56]} {[%emt 00:01:05]} 55.
Kh2 {[%clk 00:02:12]} {[%emt 00:00:52]} Rb2+ {[%clk 00:42:15]} {[%emt
00:00:12]} 56. Kh1 {[%clk 00:02:37]} {[%emt 00:00:05]} 1/2-1/2

[Event "XLIV Memoriał Szachowy Ludwika Zamenhofa 2025, Grupa B"]
[Site "Bialystok, Poland"]
[Date "2025.12.28"]
[Round "4.6"]
[White "Kasperek, Ryszard"]
[Black "Slabicki, Andrzej"]
[Result "1-0"]
[TimeControl "90'+30\""]
[WhiteElo "2088"]
[BlackElo "1892"]

1. e4 {[%clk 01:30:55]} {[%emt 00:00:04]} e5 {[%clk 01:30:38]} {[%emt
00:00:22]} 2. Nf3 {[%clk 01:31:14]} {[%emt 00:00:11]} Nc6 {[%clk 01:30:58]}
{[%emt 00:00:10]} 3. Bb5 {[%clk 01:30:59]} {[%emt 00:00:45]} Nd4 {[%clk
01:31:19]} {[%emt 00:00:09]} 4. Nxd4 {[%clk 01:31:09]} {[%emt 00:00:21]} exd4
{[%clk 01:31:43]} {[%emt 00:00:05]} 5. O-O {[%clk 01:31:32]} {[%emt 00:00:07]}
c6 {[%clk 01:29:31]} {[%emt 00:02:42]} 6. Bc4 {[%clk 01:29:53]} {[%emt
00:02:10]} d6 {[%clk 01:24:37]} {[%emt 00:05:24]} 7. c3 {[%clk 01:27:09]}
{[%emt 00:03:14]} dxc3 {[%clk 01:24:30]} {[%emt 00:00:36]} 8. Nxc3 {[%clk
01:26:20]} {[%emt 00:01:19]} Nf6 {[%clk 01:22:23]} {[%emt 00:02:37]} 9. d4
{[%clk 01:23:58]} {[%emt 00:02:53]} Be7 {[%clk 01:21:06]} {[%emt 00:01:46]} 10.
Qf3 {[%clk 01:17:28]} {[%emt 00:07:01]} O-O {[%clk 01:13:02]} {[%emt 00:08:34]}
11. e5 {[%clk 01:16:34]} {[%emt 00:01:24]} Ne8 {[%clk 01:12:27]} {[%emt
00:01:04]} 12. Bd3 {[%clk 00:54:52]} {[%emt 00:22:12]} f5 {[%clk 01:08:05]}
{[%emt 00:04:52]} 13. exd6 {[%clk 00:50:32]} {[%emt 00:04:51]} Nxd6 {[%clk
01:06:42]} {[%emt 00:01:52]} 14. Bf4 {[%clk 00:45:09]} {[%emt 00:05:54]} Bg5
{[%clk 00:50:56]} {[%emt 00:16:16]} 15. Be5 {[%clk 00:40:44]} {[%emt 00:04:57]}
Nf7 {[%clk 00:50:06]} {[%emt 00:01:18]} 16. Bc4 {[%clk 00:40:44]} {[%emt
00:00:31]} Kh8 {[%clk 00:49:54]} {[%emt 00:00:42]} 17. Rfe1 {[%clk 00:35:15]}
{[%emt 00:06:00]} Nh6 {[%clk 00:38:50]} {[%emt 00:11:32]} 18. Rad1 {[%clk
00:31:17]} {[%emt 00:04:30]} b5 {[%clk 00:31:26]} {[%emt 00:07:54]} 19. Bxb5
{[%clk 00:24:07]} {[%emt 00:07:39]} Bd7 {[%clk 00:22:40]} {[%emt 00:09:15]} 20.
Bxc6 {[%clk 00:19:25]} {[%emt 00:05:14]} Bxc6 {[%clk 00:21:25]} {[%emt
00:01:44]} 21. Qxc6 {[%clk 00:19:52]} {[%emt 00:00:03]} f4 {[%clk 00:21:12]}
{[%emt 00:00:43]} 22. Qc7 {[%clk 00:17:16]} {[%emt 00:03:07]} Nf5 {[%clk
00:20:41]} {[%emt 00:01:00]} 23. Qxd8 {[%clk 00:16:33]} {[%emt 00:01:13]} Raxd8
{[%clk 00:20:54]} {[%emt 00:00:16]} 24. Ne4 {[%clk 00:16:50]} {[%emt 00:00:13]}
Bh6 {[%clk 00:21:14]} {[%emt 00:00:11]} 25. Nc5 {[%clk 00:16:45]} {[%emt
00:00:35]} Rfe8 {[%clk 00:16:40]} {[%emt 00:05:03]} 26. d5 {[%clk 00:14:40]}
{[%emt 00:02:36]} Ne7 {[%clk 00:15:25]} {[%emt 00:01:44]} 27. Bc7 {[%clk
00:14:27]} {[%emt 00:00:44]} Rxd5 {[%clk 00:14:42]} {[%emt 00:01:13]} 28. Rxd5
{[%clk 00:14:50]} {[%emt 00:00:08]} Nxd5 {[%clk 00:15:09]} {[%emt 00:00:03]} 29.
Rxe8# {[%clk 00:15:16]} {[%emt 00:00:05]} 1-0

[Event "XLIV Memoriał Szachowy Ludwika Zamenhofa 2025, Grupa B"]
[Site "Bialystok, Poland"]
[Date "2025.12.28"]
[Round "4.7"]
[White "Budzisz, Adrian"]
[Black "Businski, Jan"]
[Result "1/2-1/2"]
[TimeControl "90'+30\""]
[WhiteElo "2065"]
[BlackElo "1867"]

1. e4 {[%clk 01:30:59]} e6 {[%clk 01:30:48]} {[%emt 00:00:12]} 2. d4 {[%clk
01:31:22]} {[%emt 00:00:07]} d5 {[%clk 01:31:15]} {[%emt 00:00:03]} 3. Nc3
{[%clk 01:31:41]} {[%emt 00:00:11]} Nf6 {[%clk 01:31:42]} {[%emt 00:00:04]} 4.
e5 {[%clk 01:32:05]} {[%emt 00:00:06]} Nfd7 {[%clk 01:32:08]} {[%emt 00:00:04]}
5. f4 {[%clk 01:32:28]} {[%emt 00:00:07]} c5 {[%clk 01:32:34]} {[%emt
00:00:03]} 6. Nf3 {[%clk 01:32:52]} {[%emt 00:00:06]} Nc6 {[%clk 01:33:01]}
{[%emt 00:00:03]} 7. Be3 {[%clk 01:33:12]} {[%emt 00:00:10]} a6 {[%clk
01:33:28]} {[%emt 00:00:04]} 8. Ne2 {[%clk 01:33:34]} {[%emt 00:00:08]} Qb6
{[%clk 01:33:34]} {[%emt 00:00:23]} 9. Qc1 {[%clk 01:33:58]} {[%emt 00:00:06]}
cxd4 {[%clk 01:32:20]} {[%emt 00:01:44]} 10. Nexd4 {[%clk 01:33:09]} {[%emt
00:01:19]} Nxd4 {[%clk 01:31:19]} {[%emt 00:01:31]} 11. Nxd4 {[%clk 01:33:29]}
{[%emt 00:00:10]} Bc5 {[%clk 01:31:23]} {[%emt 00:00:25]} 12. c3 {[%clk
01:33:52]} {[%emt 00:00:08]} Qc7 {[%clk 01:30:14]} {[%emt 00:01:40]} 13. Bd3
{[%clk 01:33:44]} {[%emt 00:00:37]} Nb6 {[%clk 01:24:33]} {[%emt 00:06:11]} 14.
O-O {[%clk 01:32:56]} {[%emt 00:01:17]} O-O {[%clk 01:24:16]} {[%emt 00:00:48]}
15. Rf3 {[%clk 01:30:54]} {[%emt 00:02:32]} Nc4 {[%clk 01:09:22]} {[%emt
00:15:24]} 16. Bf2 {[%clk 01:30:15]} {[%emt 00:01:09]} b5 {[%clk 01:06:59]}
{[%emt 00:02:54]} 17. b3 {[%clk 01:29:09]} {[%emt 00:01:35]} Nb6 {[%clk
01:03:20]} {[%emt 00:04:08]} 18. Rh3 {[%clk 01:27:10]} {[%emt 00:02:30]} g6
{[%clk 01:01:27]} {[%emt 00:02:24]} 19. Qe3 {[%clk 01:23:14]} {[%emt 00:04:25]}
Nd7 {[%clk 00:55:59]} {[%emt 00:05:58]} 20. Re1 {[%clk 01:20:33]} {[%emt
00:03:11]} Re8 {[%clk 00:55:11]} {[%emt 00:01:18]} 21. g4 {[%clk 01:11:03]}
{[%emt 00:10:00]} Bf8 {[%clk 00:53:46]} {[%emt 00:01:54]} 22. Qg3 {[%clk
01:06:15]} {[%emt 00:05:20]} Nc5 {[%clk 00:48:21]} {[%emt 00:05:56]} 23. Qh4
{[%clk 01:00:00]} {[%emt 00:06:45]} h6 {[%clk 00:48:16]} {[%emt 00:00:35]} 24.
Bc2 {[%clk 00:57:59]} {[%emt 00:02:31]} Bb7 {[%clk 00:46:22]} {[%emt 00:02:24]}
25. Be3 {[%clk 00:55:45]} {[%emt 00:02:43]} Qe7 {[%clk 00:40:41]} {[%emt
00:06:12]} 26. Qxe7 {[%clk 00:46:01]} {[%emt 00:10:15]} Rxe7 {[%clk 00:38:40]}
{[%emt 00:02:31]} 27. Nxb5 {[%clk 00:46:22]} {[%emt 00:00:08]} axb5 {[%clk
00:39:00]} {[%emt 00:00:10]} 28. Bxc5 {[%clk 00:46:42]} {[%emt 00:00:10]} Rc7
{[%clk 00:39:25]} {[%emt 00:00:04]} 29. Bxf8 {[%clk 00:46:51]} {[%emt
00:00:22]} Kxf8 {[%clk 00:39:54]} {[%emt 00:00:02]} 30. Bb1 {[%clk 00:44:59]}
{[%emt 00:02:21]} Rac8 {[%clk 00:28:16]} {[%emt 00:12:09]} 31. Rxh6 {[%clk
00:44:09]} {[%emt 00:01:19]} Rxc3 {[%clk 00:28:30]} {[%emt 00:00:16]} 32. Rh8+
{[%clk 00:44:30]} {[%emt 00:00:08]} Ke7 {[%clk 00:28:11]} {[%emt 00:00:50]} 33.
Rxc8 {[%clk 00:44:51]} {[%emt 00:00:10]} Bxc8 {[%clk 00:28:37]} {[%emt
00:00:03]} 34. Kf2 {[%clk 00:44:40]} {[%emt 00:00:40]} b4 {[%clk 00:20:52]}
{[%emt 00:08:16]} 35. Rd1 {[%clk 00:42:48]} {[%emt 00:02:21]} Ba6 {[%clk
00:17:58]} {[%emt 00:03:25]} 36. Rd4 {[%clk 00:40:19]} {[%emt 00:03:00]} Rh3
{[%clk 00:16:33]} {[%emt 00:01:54]} 37. f5 {[%clk 00:34:00]} {[%emt 00:06:50]}
gxf5 {[%clk 00:13:34]} {[%emt 00:03:28]} 38. gxf5 {[%clk 00:33:38]} {[%emt
00:00:52]} exf5 {[%clk 00:13:49]} {[%emt 00:00:14]} 39. Rxb4 {[%clk 00:33:21]}
{[%emt 00:00:48]} Rxh2+ {[%clk 00:14:04]} {[%emt 00:00:15]} 40. Kg3 {[%clk
00:31:42]} {[%emt 00:02:08]} Rb2 {[%clk 00:14:17]} {[%emt 00:00:18]} 41. Ra4
{[%clk 00:29:07]} {[%emt 00:03:06]} Bb5 {[%clk 00:11:28]} {[%emt 00:03:18]} 42.
Ra5 {[%clk 00:28:14]} {[%emt 00:01:23]} Rxb1 {[%clk 00:11:47]} {[%emt
00:00:11]} 43. Rxb5 {[%clk 00:28:29]} {[%emt 00:00:16]} Ke6 {[%clk 00:12:12]}
{[%emt 00:00:05]} 44. a4 {[%clk 00:27:45]} {[%emt 00:01:13]} Kxe5 {[%clk
00:12:37]} {[%emt 00:00:05]} 45. a5 {[%clk 00:28:06]} {[%emt 00:00:09]} Ra1
{[%clk 00:13:02]} {[%emt 00:00:06]} 46. b4 {[%clk 00:27:31]} {[%emt 00:01:05]}
f4+ {[%clk 00:13:27]} {[%emt 00:00:04]} 47. Kf3 {[%clk 00:27:36]} {[%emt
00:00:25]} Ra3+ {[%clk 00:13:53]} {[%emt 00:00:04]} 48. Kf2 {[%clk 00:27:45]}
{[%emt 00:00:21]} Ke4 {[%clk 00:13:42]} {[%emt 00:00:41]} 49. Rb7 {[%clk
00:27:56]} {[%emt 00:00:20]} Ra2+ {[%clk 00:13:38]} {[%emt 00:00:34]} 50. Ke1
{[%clk 00:28:11]} {[%emt 00:00:14]} Ra4 {[%clk 00:10:33]} {[%emt 00:03:36]}
1/2-1/2

[Event "XLIV Memoriał Szachowy Ludwika Zamenhofa 2025, Grupa B"]
[Site "Bialystok, Poland"]
[Date "2025.12.28"]
[Round "4.8"]
[White "Mielczarski, Miroslaw"]
[Black "Reshetniak, Vitaliy"]
[Result "1/2-1/2"]
[TimeControl "90'+30\""]
[WhiteElo "2042"]
[BlackElo "2048"]

1. c4 {[%clk 01:30:53]} {[%emt 03:02:09]} e5 {[%clk 01:26:17]} {[%emt
00:04:52]} 2. e3 {[%clk 01:30:42]} {[%emt 00:00:40]} Nf6 {[%clk 01:24:59]}
{[%emt 00:01:48]} 3. Nc3 {[%clk 01:30:37]} {[%emt 00:00:36]} Nc6 {[%clk
01:24:39]} {[%emt 00:00:50]} 4. d3 {[%clk 01:30:06]} {[%emt 00:01:01]} Bb4
{[%clk 01:23:19]} {[%emt 00:01:51]} 5. Bd2 {[%clk 01:29:49]} {[%emt 00:00:46]}
a5 {[%clk 01:22:46]} {[%emt 00:01:02]} 6. Nf3 {[%clk 01:27:42]} {[%emt
00:02:37]} O-O {[%clk 01:20:53]} {[%emt 00:02:24]} 7. Be2 {[%clk 01:26:09]}
{[%emt 00:02:03]} Re8 {[%clk 01:19:09]} {[%emt 00:02:13]} 8. O-O {[%clk
01:24:55]} {[%emt 00:01:44]} d6 {[%clk 01:14:04]} {[%emt 00:05:36]} 9. Qc2
{[%clk 01:15:40]} {[%emt 00:09:45]} h6 {[%clk 01:10:04]} {[%emt 00:04:30]} 10.
Rfd1 {[%clk 01:14:10]} {[%emt 00:01:59]} Bf5 {[%clk 01:06:33]} {[%emt
00:04:01]} 11. a3 {[%clk 01:00:41]} {[%emt 00:14:01]} Bc5 {[%clk 00:50:17]}
{[%emt 00:16:45]} 12. Ne4 {[%clk 00:54:35]} {[%emt 00:06:37]} Bxe4 {[%clk
00:43:08]} {[%emt 00:07:40]} 13. dxe4 {[%clk 00:54:55]} {[%emt 00:00:09]} a4
{[%clk 00:43:25]} {[%emt 00:00:14]} 14. Be1 {[%clk 00:47:25]} {[%emt 00:07:59]}
Nd7 {[%clk 00:41:28]} {[%emt 00:02:28]} 15. Nd2 {[%clk 00:43:08]} {[%emt
00:04:47]} Bb6 {[%clk 00:41:32]} {[%emt 00:00:26]} 16. Nb1 {[%clk 00:42:28]}
{[%emt 00:01:10]} Ba5 {[%clk 00:41:37]} {[%emt 00:00:25]} 17. Nc3 {[%clk
00:40:24]} {[%emt 00:02:33]} Nc5 {[%clk 00:41:19]} {[%emt 00:00:48]} 18. Rab1
{[%clk 00:39:20]} {[%emt 00:01:35]} Bxc3 {[%clk 00:36:09]} {[%emt 00:05:40]} 19.
Bxc3 {[%clk 00:39:37]} {[%emt 00:00:11]} Na5 {[%clk 00:35:12]} {[%emt
00:01:29]} 20. Rd5 {[%clk 00:34:43]} {[%emt 00:05:24]} Nab3 {[%clk 00:35:04]}
{[%emt 00:00:38]} 21. Rbd1 {[%clk 00:31:51]} {[%emt 00:03:21]} Qe7 {[%clk
00:32:36]} {[%emt 00:02:58]} 22. Bb4 {[%clk 00:31:12]} {[%emt 00:01:05]} Rad8
{[%clk 00:31:40]} {[%emt 00:01:30]} 23. Re1 {[%clk 00:28:59]} {[%emt 00:02:43]}
Qe6 {[%clk 00:31:28]} {[%emt 00:00:43]} 24. f3 {[%clk 00:29:04]} {[%emt
00:00:24]} b6 {[%clk 00:28:35]} {[%emt 00:03:24]} 1/2-1/2